Księżyce Plutona - Statystyki

Ogólne statystyki
  • Ten quiz został rozwiązany 103 razy
    69 od ostatniego zresetowania
  • Średni wynik to 7 z 10
Odpowiedzi na mapie
Odpowiedzi zakodowano w zielono-czerwonej skali na mapie do tego quizu, zgodnie z poniższymi procentami.
 
Statystyki odpowiedzi
Nazwa % Poprawnych
Kerberos
85%
Kerberos
83%
Styx
83%
Styx
83%
Charon
81%
Charon
81%
Hydra
77%
Hydra
77%
Nix
46%
Nix
46%
Nie znaleziono quizów pasujących do podanych kryteriów
Rozkład punktacji
Procent ludzi z każdym wynikiem
Percentyl według liczby udzielonych odpowiedzi
Twoja historia wyników
Nie rozwiązałeś tego quizu od ostatniego zresetowania